[Event "1900-2200 6 Player Sicilian RR"]
[Site "SchemingMind.com"]
[Date "2012.07.30"]
[Round "-"]
[White "Luki212"]
[Black "jdcald13"]
[Result "0-1"]
[WhiteCountry "SVK"]
[BlackCountry "USA"]
[WhiteElo "2072"]
[WhiteRD "71"]
[BlackElo "2018"]
[BlackRD "70"]
[GameID "315216"]

1. e4 c5 2. Nf3 d6 3. d4 cxd4 4. Nxd4 Nf6 5. Nc3 g6 6. Be3 Bg7 7. f3 O-O 8. Qd2 Nc6 9. O-O-O d5 10. Nxc6 bxc6
11. exd5 cxd5 12. Nxd5 Nxd5 13. Qxd5 Qc7 14. Qc5 Qb7 15. b3 a5 16. Qb6 Bh6 17. Kb1 Bxe3 18. Qxe3 a4 19. Bd3 axb3 20. cxb3 Ra3
21. Be4 Qa6 22. Rd2 Be6 23. Qe2 Qa5 24. Rb2 Rb8 25. Bc2 Ra8 26. Bd1 Bf5+ 27. Ka1 Qc3
0-1

[Event "1900-2200 6 Player Sicilian RR"]
[Site "SchemingMind.com"]
[Date "2012.07.30"]
[Round "-"]
[White "jdcald13"]
[Black "Luki212"]
[Result "0-1"]
[WhiteCountry "USA"]
[BlackCountry "SVK"]
[WhiteElo "2018"]
[WhiteRD "70"]
[BlackElo "2072"]
[BlackRD "71"]
[GameID "315217"]

1. e4 c5 2. Nc3 d6 3. f4 g6 4. Nf3 Bg7 5. Bc4 Nc6 6. O-O e6 7. d3 Nge7 8. Qe1 O-O 9. Bd2 Nd4 10. Nxd4 cxd4
11. Ne2 d5 12. Bb3 dxe4 13. dxe4 a5 14. c3 d3 15. Ng3 a4 16. Bc4 b5 17. f5 exf5 18. exf5 Nxf5 19. Qe4 Nxg3 20. hxg3 Bf5
21. Bxf7+ Rxf7 22. Qf3 Qb6+ 23. Be3 Qb7
0-1

[Event "1900-2200 6 Player Sicilian RR"]
[Site "SchemingMind.com"]
[Date "2012.08.21"]
[Round "-"]
[White "Marco_M"]
[Black "jdcald13"]
[Result "1/2-1/2"]
[WhiteCountry "ITA"]
[BlackCountry "USA"]
[WhiteElo "2172"]
[WhiteRD "101"]
[BlackElo "2047"]
[BlackRD "74"]
[GameID "316333"]

1. e4 c5 2. Nc3 d6 3. f4 g6 4. Nf3 Bg7 5. Bc4 Nc6 6. O-O a6 7. f5 Nf6 8. Ng5 Ne5 9. d3 Nxc4 10. dxc4 h6
11. Nh3 O-O 12. Qd3 g5 13. a4 b6 14. Nd5 Bb7 15. Nf2 e6 16. Nxf6+ Bxf6 17. fxe6 fxe6 18. Qh3 Bd4 19. Qxe6+ Kg7 20. Ra3 Rf6
21. Qg4 Qe7 22. Rf3 Raf8 23. c3 Bxf2+ 24. R1xf2 Bxe4 25. Rxf6=
1/2-1/2

[Event "1900-2200 6 Player Sicilian RR"]
[Site "SchemingMind.com"]
[Date "2012.08.21"]
[Round "-"]
[White "Marco_M"]
[Black "Luki212"]
[Result "1/2-1/2"]
[WhiteCountry "ITA"]
[BlackCountry "SVK"]
[WhiteElo "2212"]
[WhiteRD "93"]
[BlackElo "2057"]
[BlackRD "74"]
[GameID "316334"]

1. e4 c5 2. Nf3 d6 3. d4 Nf6 4. Nc3 cxd4 5. Nxd4 Nc6 6. Bg5 Bd7 7. Qd2 Nxd4 8. Qxd4 Qa5 9. Bd2 e5 10. Qd3 Rc8
11. Be2 Qb6 12. O-O Be7 13. Rab1 O-O 14. Rfd1 Be6 15. Be3 Qa5 16. f3 a6 17. a3 b5 18. Bg5 Ng4 19. fxg4 Bxg5 20. Nd5 Bxd5
21. exd5 Qa4 22. Qf5 Qf4 23. Qxf4 Bxf4 24. c3 Rc7 25. a4 bxa4 26. Bxa6 Ra8 27. Bb5 a3 28. Bc6 Ra5 29. bxa3 g6 30. a4 Rc5
31. Rb3 e4 32. Re1 f5 33. gxf5 gxf5 34. Rb8+ Kg7 35. Rb7 Rxb7 36. Bxb7 Be5 37. g4= Kf6 38. gxf5 Kxf5 39. Re3 Bxc3 40. Kg2 Bd4
41. Rh3 Rc2+ 42. Kf1 e3 43. Ba6 Ke4 44. Be2 Kxd5 45. Rxh7 Ra2 46. Rh5+ Be5 47. Rh4 Bd4 48. Rh5+ Be5 49. Rh4 Ra3 50. Kg2 Ke6
51. Bc4+ Kf5 52. Kf3 Kg5=
1/2-1/2

[Event "1900-2200 6 Player Sicilian RR"]
[Site "SchemingMind.com"]
[Date "2012.08.22"]
[Round "-"]
[White "jdcald13"]
[Black "Marco_M"]
[Result "0-1"]
[WhiteCountry "USA"]
[BlackCountry "ITA"]
[WhiteElo "2031"]
[WhiteRD "66"]
[BlackElo "2202"]
[BlackRD "100"]
[GameID "316335"]

1. e4 c5 2. Nc3 Nc6 3. f4 g6 4. Nf3 Bg7 5. Bc4 e6 6. O-O Nge7 7. e5 d5 8. exd6 Qxd6 9. Ne4 Qc7 10. c3 O-O
11. d3 b6 12. Qe2 Bb7 13. h4 Na5 14. Bb5 Nf5 15. g4 Bxe4 16. gxf5 Bxf5 17. h5 a6 18. Ba4 c4 19. dxc4 Qxc4 20. Qxc4 Nxc4
21. hxg6 hxg6 22. Bc6 Ra7 23. Nh4 Bg4 24. Ng2 Rc8 25. Bf3 Bxf3 26. Rxf3 Rd7 27. Ne3 Bf8 28. Nxc4 Rd1+ 29. Rf1 Rxf1+ 30. Kxf1 Rxc4
31. Be3 Bc5 32. Kf2 Rxf4+
0-1

[Event "1900-2200 6 Player Sicilian RR"]
[Site "SchemingMind.com"]
[Date "2012.08.21"]
[Round "-"]
[White "Luki212"]
[Black "Marco_M"]
[Result "0-1"]
[WhiteCountry "SVK"]
[BlackCountry "ITA"]
[WhiteElo "2066"]
[WhiteRD "71"]
[BlackElo "2145"]
[BlackRD "104"]
[GameID "316336"]

1. e4 c5 2. Nf3 Nc6 3. d4 cxd4 4. Nxd4 g6 5. Nc3 Bg7 6. Be3 Nf6 7. Be2 O-O 8. Qd3 d5 9. Nxc6 bxc6 10. O-O-O Qa5
11. Kb1 Rb8 12. Bc1 Ng4
0-1

[Event "1900-2200 6 Player Sicilian RR"]
[Site "SchemingMind.com"]
[Date "2012.09.12"]
[Round "-"]
[White "smothered mate"]
[Black "jdcald13"]
[Result "0-1"]
[WhiteCountry "POL"]
[BlackCountry "USA"]
[WhiteElo "2033"]
[WhiteRD "57"]
[BlackElo "2031"]
[BlackRD "66"]
[GameID "317501"]

1. e4 c5 2. Nf3 d6 3. c3 Nf6 4. Be2 g6 5. O-O Bg7 6. d4 Nxe4 7. Nbd2 Nxd2 8. Bxd2 cxd4 9. Nxd4 O-O 10. Qc1 Nc6
11. Nf3 Re8 12. Bh6 Bh8 13. Ng5 e5 14. f4 e4 15. Qe3 d5 16. Rad1 d4 17. Qg3 d3 18. Bh5 Qb6+ 19. Kh1 Bf5 20. Bg4 Ne7
21. Bxf5 Nxf5 22. Qh3 e3 23. Rxd3 e2 24. Re1 Qf2 25. Nf3 Qf1+ 26. Ng1 Qxe1
0-1

[Event "1900-2200 6 Player Sicilian RR"]
[Site "SchemingMind.com"]
[Date "2012.09.10"]
[Round "-"]
[White "smothered mate"]
[Black "Luki212"]
[Result "1/2-1/2"]
[WhiteCountry "POL"]
[BlackCountry "SVK"]
[WhiteElo "2034"]
[WhiteRD "62"]
[BlackElo "2037"]
[BlackRD "73"]
[GameID "317503"]

1. e4 c5 2. c3 g6 3. d4 cxd4 4. Nf3 dxc3 5. Bc4 Bg7 6. Nxc3 Nc6 7. O-O d6 8. Ng5 Ne5 9. Bb5+ Bd7 10. f4 Bxb5
11. fxe5 Bxf1 12. Qxf1 Nh6 13. e6 O-O 14. exf7+ Nxf7 15. Ne6 Qb6+ 16. Kh1 Ne5 17. Bf4 Ng4 18. Nd5 Nf2+ 19. Kg1 Nh3+ 20. Kh1 Qxb2
21. Rb1 Qc2 22. Rc1 Qxe4 23. Nxe7+ Kh8 24. Re1 Rxf4 25. Nxf4 Qxf4 26. gxh3 Qxf1+ 27. Rxf1 Rf8 28. Rb1 b6 29. Nc6 Rf7 30. Re1 Be5
31. Nxe5 dxe5 32. Rxe5 Kg7 33. h4 Kf6 34. Rb5 Re7 35. a3 Re5 36. Rb4 Kf5 37. a4 Re4 38. Rb5+ Kf4 39. a5 Kf3 40. h3 Rxh4
41. Kh2 Ra4 42. Rb3+ Kf4 43. axb6 axb6 44. Rxb6 Ra2+ 45. Kh1 Kg3 46. Rb3+ Kh4 47. Rc3 h5 48. Rb3 g5 49. Rc3 Rf2 50. Ra3 g4
51. hxg4= hxg4 52. Kg1 Rf3=
1/2-1/2

[Event "1900-2200 6 Player Sicilian RR"]
[Site "SchemingMind.com"]
[Date "2012.09.13"]
[Round "-"]
[White "smothered mate"]
[Black "Marco_M"]
[Result "0-1"]
[WhiteCountry "POL"]
[BlackCountry "ITA"]
[WhiteElo "2016"]
[WhiteRD "53"]
[BlackElo "2212"]
[BlackRD "93"]
[GameID "317504"]

1. e4 c5 2. Nf3 Nc6 3. c3 d5 4. exd5 Qxd5 5. d4 Bg4 6. Be2 cxd4 7. cxd4 e6 8. Nc3 Qa5 9. O-O Nf6 10. h3 Bh5
11. Be3 Be7 12. a3 O-O 13. b4 Qd8 14. Qb3 Bd6 15. Rfd1 Ne7 16. Bg5 Nfd5 17. Nxd5 exd5 18. g4 Bg6 19. Ne5 f6 20. Nxg6 hxg6
21. Be3 Bc7 22. Kg2 Qd6 23. Rh1 Rac8 24. Bf3 Bb6 25. Rac1 Rfd8 26. Qd3 Kf7 27. h4 Rxc1 28. Rxc1 Rc8 29. Rh1 Qc6 30. h5 g5
31. Rc1 Qd7 32. Qh7 Rxc1 33. h6 Rc8 34. Qxg7+ Ke6 35. h7 Qd8 36. Bxg5 Bxd4 37. Bf4 Qf8
0-1

[Event "1900-2200 6 Player Sicilian RR"]
[Site "SchemingMind.com"]
[Date "2012.09.12"]
[Round "-"]
[White "jdcald13"]
[Black "smothered mate"]
[Result "1/2-1/2"]
[WhiteCountry "USA"]
[BlackCountry "POL"]
[WhiteElo "2031"]
[WhiteRD "66"]
[BlackElo "2033"]
[BlackRD "57"]
[GameID "317505"]

1. e4 c5 2. Nf3 Nf6 3. e5 Nd5 4. g3 Nc6 5. Bg2 d6 6. exd6 e6 7. d4 cxd4 8. Nxd4 Nxd4 9. Qxd4 Qxd6 10. O-O Nf6
11. Qh4 Be7 12. Bg5 h6 13. Nc3 O-O 14. Ne4 hxg5 15. Nxg5 Qb4 16. Be4 Rd8 17. Rad1 Rxd1 18. Rxd1 Qxb2 19. Bh7+ Kf8 20. Be4 Ke8
21. Qh8+ Bf8 22. Nxf7 Kxf7 23. Rd8 Qb4 24. Bg6+ Kxg6 25. Rxf8 Qb1+ 26. Kg2 Qxc2 27. h4 b5 28. Rxf6+ gxf6 29. Qg8+ Kh6 30. Qh8+= Kg6
31. Qg8+ Kh6 32. Qh8+ Qh7=
1/2-1/2

[Event "1900-2200 6 Player Sicilian RR"]
[Site "SchemingMind.com"]
[Date "2012.09.10"]
[Round "-"]
[White "Luki212"]
[Black "smothered mate"]
[Result "1-0"]
[WhiteCountry "SVK"]
[BlackCountry "POL"]
[WhiteElo "2080"]
[WhiteRD "76"]
[BlackElo "1982"]
[BlackRD "55"]
[GameID "317507"]

1. e4 c5 2. Nf3 Nf6 3. e5 Nd5 4. Nc3 e6 5. Nxd5 exd5 6. d4 Nc6 7. dxc5 Bxc5 8. Qxd5 Qb6 9. Bc4 Bxf2+ 10. Ke2 O-O
11. Rf1 Bc5 12. Ng5 Nd4+ 13. Kd1 Ne6 14. Ne4 d6 15. exd6 Rd8 16. Qf5 Bxd6 17. Nxd6 Qxd6+ 18. Bd3 Qxh2 19. Qxf7+ Kh8 20. Bg5 Bd7
21. Bxd8 Rxd8 22. Qe7 g6 23. Re1 Qh5+ 24. Kc1 Qh6+ 25. Kb1 Qf8 26. Qxf8+ Rxf8 27. b3 Rf2 28. Re2 Rf6 29. Kb2 Nf4 30. Rd2 Bc6
31. Bf1 Kg7 32. Re1 h5 33. Re5 h4 34. a4 Kh6 35. Kc3 g5 36. a5 g4 37. Be2 Bxg2 38. Bxg4 h3 39. Rd8 Kg7 40. Re7+ Kg6
41. Rg8+ Kh6 42. Rh8+ Kg5 43. Rg7+ Ng6 44. Bxh3 Rf3+ 45. Kb2 Bxh3 46. Rhg8 Bf5 47. Rxb7 Rf2 48. Rc7 a6 49. Rc6 Bd3 50. Rd8 Bb5
51. Rb6 Rf6 52. Rxf6 Kxf6 53. c4 Ke7 54. Ra8 Bc6 55. Rxa6 Ne5 56. Kc3 Kd7 57. b4 Kc7 58. b5 Bb7 59. Rh6 Nd7 60. Kb4 Bc8
61. c5 Kb8 62. Rd6 Ne5 63. c6 Kc7 64. Kc5 Nf7 65. b6+ Kb8 66. Rd8 Ng5 67. Kb5 Ne6 68. Rd6 Nc7+ 69. bxc7+ Ka8 70. Kb6 Bd7
71. Rh6 Bc8 72. Rh2 Bh3 73. Rf2 Bf5 74. Rf4 Bc8 75. Rf7 Bd7 76. Rf8+ Bc8 77. Rxc8#
1-0

[Event "1900-2200 6 Player Sicilian RR"]
[Site "SchemingMind.com"]
[Date "2012.09.13"]
[Round "-"]
[White "Marco_M"]
[Black "smothered mate"]
[Result "1-0"]
[WhiteCountry "ITA"]
[BlackCountry "POL"]
[WhiteElo "2212"]
[WhiteRD "93"]
[BlackElo "2016"]
[BlackRD "53"]
[GameID "317508"]

1. e4 c5 2. Nf3 Nf6 3. e5 Nd5 4. Nc3 Nxc3 5. dxc3 Nc6 6. Bf4 e6 7. Qd2 Be7 8. O-O-O a6 9. h4 b5 10. Bd3 Qa5
11. Kb1 Rb8 12. Be4 b4 13. c4 Qc7 14. h5 h6 15. g4 a5 16. g5 hxg5 17. Bxg5 Nxe5 18. Bxe7 Nxf3 19. Qd6 Qxd6 20. Bxd6 Ng5
21. Bg2 Bb7 22. Bxb8 Bxg2 23. Rh2 Bf3 24. Rg1 Ne4 25. Rxg7 Rxh5 26. Rxh5 Bxh5 27. Bf4 Be2 28. Rg8+ Ke7 29. Be3 d6 30. Ra8 Bxc4
31. Rxa5 f5 32. f3 Ng3 33. Ra7+ Kf6 34. Bf4 Nf1 35. Bxd6 Nd2+ 36. Kc1 Nxf3 37. Bxc5 e5 38. Bxb4 e4 39. Kd1 e3 40. Re7 Ne5
41. Re8 Bb5 42. Rb8 Bc4 43. Bc3
1-0

[Event "1900-2200 6 Player Sicilian RR"]
[Site "SchemingMind.com"]
[Date "2012.09.20"]
[Round "-"]
[White "vetran"]
[Black "jdcald13"]
[Result "0-1"]
[WhiteCountry "NED"]
[BlackCountry "USA"]
[WhiteElo "1957"]
[WhiteRD "80"]
[BlackElo "2031"]
[BlackRD "66"]
[GameID "318010"]

1. e4 c5 2. Nf3 d6 3. d4 Nf6 4. Nc3 cxd4 5. Nxd4 g6 6. Be3 Bg7 7. f3 O-O 8. Qd2 Nc6 9. Bc4 Bd7 10. O-O-O Rc8
11. Bb3 Nxd4 12. Bxd4 a5 13. Qe3 b5 14. Bb6 Bh6 15. Qxh6 Qxb6 16. a3 a4 17. Ba2 b4 18. axb4 Qxb4
0-1

[Event "1900-2200 6 Player Sicilian RR"]
[Site "SchemingMind.com"]
[Date "2012.09.21"]
[Round "-"]
[White "vetran"]
[Black "smothered mate"]
[Result "1-0"]
[WhiteCountry "NED"]
[BlackCountry "POL"]
[WhiteElo "1957"]
[WhiteRD "80"]
[BlackElo "2033"]
[BlackRD "57"]
[GameID "318012"]

1. e4 c5 2. Nf3 d6 3. d4 cxd4 4. Nxd4 Nf6 5. Nc3 g6 6. Be3 Bg7 7. f3 a6 8. Qd2 b5 9. O-O-O Bb7 10. g4 h6
11. h4 Nbd7 12. Nb3 Rc8 13. Bd3 Ne5 14. g5 hxg5 15. hxg5 Nh5 16. Qf2 Nxd3+ 17. Rxd3 Bxc3 18. Rxc3 Rxc3 19. bxc3 O-O 20. Kb2 Qe8
21. Qd2 f5 22. gxf6 Rxf6 23. Qg2 Kh7 24. Nd4 e5 25. Nf5 Qf7 26. Qg5 Rxf5 27. exf5 Bxf3 28. Qh6+ Kg8 29. fxg6 Qf5 30. Qh7+ Kf8
31. Rxh5
1-0

[Event "1900-2200 6 Player Sicilian RR"]
[Site "SchemingMind.com"]
[Date "2012.09.22"]
[Round "-"]
[White "vetran"]
[Black "Luki212"]
[Result "1-0"]
[WhiteCountry "NED"]
[BlackCountry "SVK"]
[WhiteElo "1957"]
[WhiteRD "80"]
[BlackElo "2021"]
[BlackRD "75"]
[GameID "318013"]

1. e4 c5 2. Nf3 d6 3. d4 cxd4 4. Nxd4 Nf6 5. Nc3 Nc6 6. Bg5 Bd7 7. Qd2 Nxd4 8. Qxd4 Qa5 9. Bd2 e5 10. Qd3 Rc8
11. O-O-O Be7 12. Kb1 Qd8 13. f3 O-O 14. g4 Be6 15. g5 Nh5 16. h4 Ng3 17. Rg1 Bc4 18. Qe3 Nxf1 19. Rdxf1 Bxf1 20. Rxf1 b6
21. Nd5 Re8 22. f4 f6 23. f5 Qd7 24. Rg1 Kh8 25. Qf3 Qa4 26. c3
1-0

[Event "1900-2200 6 Player Sicilian RR"]
[Site "SchemingMind.com"]
[Date "2012.09.23"]
[Round "-"]
[White "vetran"]
[Black "Marco_M"]
[Result "0-1"]
[WhiteCountry "NED"]
[BlackCountry "ITA"]
[WhiteElo "1957"]
[WhiteRD "80"]
[BlackElo "2202"]
[BlackRD "100"]
[GameID "318014"]

1. e4 c5 2. Nf3 Nc6 3. Bb5 g6 4. O-O Bg7 5. Re1 Nf6 6. c3 Qb6 7. Bf1 O-O 8. Na3 d5 9. e5 Ng4 10. d4 cxd4
11. cxd4 f6 12. h3 Nxf2 13. Kxf2 fxe5 14. Kg1 e4 15. Nh2 Bxd4+ 16. Kh1 e6 17. Nc2 Bg7 18. Rb1 Bd7 19. a3 Rac8 20. b4 Ne7
21. Be3 Qc7 22. Na1 b6 23. Ba6 Rcd8 24. Rc1 Qd6 25. Be2 Nf5 26. Bg5 Ng3+ 27. Kg1 Qe5
0-1

[Event "1900-2200 6 Player Sicilian RR"]
[Site "SchemingMind.com"]
[Date "2012.09.21"]
[Round "-"]
[White "jdcald13"]
[Black "vetran"]
[Result "1-0"]
[WhiteCountry "USA"]
[BlackCountry "NED"]
[WhiteElo "2031"]
[WhiteRD "66"]
[BlackElo "1957"]
[BlackRD "80"]
[GameID "318015"]

1. e4 c5 2. Nf3 Nc6 3. Bb5 g6 4. O-O Bg7 5. Re1 Nf6 6. e5 Nd5 7. Nc3 Nc7 8. Bxc6 bxc6 9. d4 cxd4 10. Qxd4 O-O
11. Qh4 e6 12. Bg5 f6 13. exf6 Bxf6 14. Ne4 Bxg5 15. Nfxg5 Qe7 16. Nd6 Nd5 17. c4 Nf6 18. Rad1
1-0

[Event "1900-2200 6 Player Sicilian RR"]
[Site "SchemingMind.com"]
[Date "2012.09.20"]
[Round "-"]
[White "smothered mate"]
[Black "vetran"]
[Result "1-0"]
[WhiteCountry "POL"]
[BlackCountry "NED"]
[WhiteElo "2033"]
[WhiteRD "57"]
[BlackElo "1957"]
[BlackRD "80"]
[GameID "318017"]

1. e4 c5 2. c3 Nf6 3. e5 Nd5 4. g3 Nc6 5. Bg2 e6 6. Nf3 d6 7. exd6 Bxd6 8. O-O O-O 9. a4 b6 10. Na3 Bb7
11. d3 Be7 12. Qe2 Qd7 13. Nc4 Rad8 14. Rd1 Bf6 15. Bg5 Bxg5 16. Nxg5 h6 17. Ne4 Qe7 18. a5 b5 19. a6 Ba8 20. Ne3 f5
21. Nd2 Nc7 22. f4 e5 23. Nc2 exf4 24. Qxe7
1-0

[Event "1900-2200 6 Player Sicilian RR"]
[Site "SchemingMind.com"]
[Date "2012.09.20"]
[Round "-"]
[White "Luki212"]
[Black "vetran"]
[Result "1-0"]
[WhiteCountry "SVK"]
[BlackCountry "NED"]
[WhiteElo "2057"]
[WhiteRD "74"]
[BlackElo "1953"]
[BlackRD "80"]
[GameID "318018"]

1. e4 c5 2. Nf3 d6 3. d4 cxd4 4. Nxd4 Nf6 5. Nc3 a6 6. Qf3 e6 7. Be3 Nbd7 8. Be2 Be7 9. O-O-O Qc7 10. Qg3 O-O
11. Bh6 Ne8 12. h4 b5 13. h5 Kh8 14. Be3 h6 15. f3 Bb7 16. a3 Ne5 17. Qf2 Nc4 18. Bxc4 Qxc4 19. g4 f6 20. Nde2 b4
21. axb4 Qxb4 22. Nf4 Kh7 23. Nxe6 Rf7 24. Nd5 Bxd5 25. Rxd5 Rb8 26. Bd4 Bd8 27. Bc3 Qa4 28. Rhd1 Bb6 29. Qe2 Rc8 30. Qd3 Kg8
31. b3 Qc6 32. Kb2 Rb7 33. f4
1-0

[Event "1900-2200 6 Player Sicilian RR"]
[Site "SchemingMind.com"]
[Date "2012.09.23"]
[Round "-"]
[White "Marco_M"]
[Black "vetran"]
[Result "1-0"]
[WhiteCountry "ITA"]
[BlackCountry "NED"]
[WhiteElo "2212"]
[WhiteRD "93"]
[BlackElo "1953"]
[BlackRD "80"]
[GameID "318019"]

1. e4 c5 2. Nf3 e6 3. Nc3 Nc6 4. Bb5 Nge7 5. O-O a6 6. Bxc6 bxc6 7. d3 Ng6 8. Re1 d5 9. b3 Be7 10. Na4 O-O
11. Ba3 c4 12. Bxe7 Qxe7 13. dxc4 dxc4 14. Nb6 Ra7 15. Nxc4 Rd8 16. Qe2 e5 17. Rad1 f6 18. Rxd8+ Qxd8 19. Rd1 Rd7 20. Rxd7 Bxd7
21. Qd2 Qc7 22. Qd6 Qxd6 23. Nxd6 Nf8 24. Kf1 Ne6 25. g3 Kf8 26. Ke2 g6 27. Kd3 Ke7 28. Nb7 Bc8 29. Na5 Kd6 30. Ne1 c5
31. Nf3 Nd4 32. Nxd4 cxd4 33. c3 dxc3 34. Kxc3 Bg4 35. Nc4+ Kc6 36. Ne3 Be6 37. f4 exf4 38. gxf4 a5 39. Kd4 Kb5 40. Nd5
1-0